O sínuse názorne i presne

Bibliographic Details
Main Authors: Blažeková, Daniela, 1961- (Author), Janková, Katarína, 1962- (Author)
Format: Article
Language:Slovak
PhysicalDescription:Obr. 7.
Subjects:

MARC

LEADER 00000nab a2200000 a 4500
001 vtls000176041
003 SK-MaSNL
005 20260305014942.0
008 250422c1983 xo 0 slo
015 |a SNBRA19rr/mm-uuuuu 
035 |a CL0186154 
035 |a urn:nbn:sk:snk-ab318n 
035 |a (urnnbn)urn:nbn:sk:snk:ar-a04j6d 
035 |a (uuid)105d3627-ea1f-4260-9f9d-63c0cd13403a 
040 |a SNKBUCL  |b slo  |c SNKBUCL  |e AACR2 
041 0 |a slo 
044 |a xo  |c SK 
080 |a 517.51  |2 1981 
100 1 |a Blažeková, Daniela,  |d 1961-  |4 aut  |9 6788 
245 1 0 |a O sínuse názorne i presne  |c Daniela Blažeková, Katarína Neubrunnová 
300 |b Obr. 7. 
650 0 7 |a funkcie goniometrické elementárne  |2 snkbucl  |9 1593508 
655 7 |a články zo zborníkov  |2 snkbucl  |9 166140 
700 1 |a Janková, Katarína,  |d 1962-  |4 aut  |9 194561 
773 0 |t Matematické obzory. Zv. 21  |d Bratislava : Alfa, 1983  |g S. 23-38 
850 |a Slovenská národná knižnica 
852 |a Slovenská národná knižnica 
954 |a odborná, vedecká literatúra pôvodná (slovenská)  |2 lita 
958 |a article2022 
958 |a OND 
958 |a RK 
958 |a EUIPO 
992 |a RZB 
999 |c 3272209  |d 3274139